European Countries by Island - Statistics

General Stats
  • This quiz has been taken 71 times
  • The average score is 30 of 38
Answer Stats
Island / Island Group Country % Correct
Sardinia Italy
100%
Mykonos Greece
97%
Sicily Italy
96%
Mallorca Spain
96%
Isle of Man UK
96%
Faroe Is. Denmark
94%
Rhodes Greece
94%
Crete Greece
94%
Ibiza Spain
94%
Orkney Is. UK
94%
Jersey UK
94%
Guernsey UK
94%
Corsica France
93%
Shetland Is. UK
93%
Menorca Spain
91%
Isle of Wight UK
91%
Belle Ile en Mer France
89%
Kos Greece
89%
Lesbos Greece
89%
Gotland Sweden
89%
Azores Portugal
84%
Åland Is. Finland
77%
Zealand Denmark
74%
Rugen Germany
74%
Samos Greece
73%
Spitzbergen Norway
71%
Vestmannaeyjar Iceland
69%
Krk Croatia
67%
Lofoten Norway
67%
Groix France
66%
Bornholm Denmark
61%
Saaremaa Estonia
60%
Cres Croatia
46%
Chausey Is. France
46%
Sylt Germany
41%
Usedom Germany
39%
Usedom Poland
37%
Yeu France
31%
No matching quizzes found
Score Distribution
Percent of People with Each Score
Percentile by Number Answered
Your Score History
You have not taken this quiz